| 000 | 003460000a22001450004500 | ||
|---|---|---|---|
| 003 | MACL | ||
| 040 | _aMACL | ||
| 090 |
_c6331 _d6330 |
||
| 100 | _aPrithipaul, K D | ||
| 245 |
_aThe Yogasutras of Patanjali _bOf Concentration of Mind |
||
| 260 |
_bMotilal Banarsidass Publishers _c1987 |
||
| 350 | _a110 | ||
| 650 | _aPhilisophy | ||
| 942 |
_cBOOK _k100 |
||
| 999 |
_c6283 _d6283 |
||